000 00362nam a2200157Ia 4500
999 _c5892
_d5892
003 OSt
005 20190928151257.0
008 190906s9999||||xx |||||||||||||| ||und||
020 _a 978-0130661029
040 _cmaju
100 _aTanebaum,Andrew s
245 0 _aComputer Networks
260 _aNew Delhi
_b McGraw Hill
_c2003
300 _a891
942 _cBK
_2ddc